000 00444nam a2200181 a 4500
001 13308
003 CO-ViMGA
008 141112s2004 ck r 000 u spa d
020 _a9586011127
040 _aCO-ViMGA
_bspa
_cCO-ViMGA
082 0 4 _aV 861 P837l
100 1 _aPuerta, Henry
_911484
245 1 0 _aLatinoAmérica
260 _aBogotá :
_bTercer Mundo,
_c1987
300 _as.p.
650 1 4 _aPOESIA VENEZOLANA
_93907
942 _2ddc
_cBK
999 _c24056
_d24056